000 01992nam0a2200373 4500
001 RU\NLR\bibl\1524957
005 20260407231150.0
010 _a978-5-89016-538-1
_976
021 _aRU
_b2010-37505
_92513
035 _a(NLR Aleph) 001516306
090 _a112200
_c112200
100 _a20100619d2010 |||y0rusy50 ca
101 0 _arus
_deng
_eeng
102 _aRU
105 _ay |||||||||
200 1 _aXV Державинские чтения
_dXV Derzhavin readings
_eматериалы Общероссийской научной конференции, февраль 2010 года
_e[участник]: Институт сервиса и рекламы
_zeng
210 _aТамбов
_cИздательский дом Тамбовского государственного университета
_d2010
215 _a176 с.
_d21
300 _aВ надзаг.: Федер. агентство по образованию, Гос. образоват. учреждение высш. проф. образования "Тамб. гос. ун-т им. Г.Р. Державина"
300 _aРез. на англ. яз.
320 _aБиблиогр. в конце докл.
510 0 _aXV Derzhavin readings
_zeng
606 1 _aРеклама
_jСъезды, совещания и т.п.
_9997735
_3RU\NLR\auth\6660116
606 1 _aСфера услуг
_jСъезды, совещания и т.п.
_91495798
_3RU\NLR\auth\66646269
686 _aЧ600.0я431
686 _aУ5-803.81я431
686 _aУ49(0)я431
710 1 2 _a"Державинские чтения", конференция
_d15
_f2010
_eТамбов
_3RU\NLR\AUTH\8810156220
_9807887
711 0 2 _aТамбовский государственный университет им. Г. Р. Державина
_bИнститут сервиса и рекламы
_3RU\NLR\AUTH\8810156471
_9808369
801 0 _aRU
_bNLR
_c20100619
_gRCR
801 1 _aRU
_bNLR
_c20100619
942 _cBOOK
980 _aNB